00849nam a22002297a 450000500170000001000130001702000250003003500130005503700160006804000120008408200160009610000250011224500440013726000590018127000820024030000360032265000670035870000220042594200250044799900190047295201280049120170124110241.0 aA-352299 c€ 5.95a0862835003 aA-352299 bCen Lib/Ret aDPLbEN a915.41bGHO aGhosh, Laeila995170 aGanga /cby Leila Ghosh [and] Dalia Roy bBombayaWolrd Marketing Right with Indian Books c1986 bBombaya412 Tulsani Chambers, 212 Bachbay Reclamation, Nariman Point e400021 avarios pagings c26cm(Hb)bill. a Ganges River (India and Bangladesh) -- Pictorial works995171 aRoy, Dalia995172 2ddccENh915.41mGHO c135212d135212 001040718REFaLbLd2015-10-03eCen Lib/Retg0.00l0o915.41 GHOpA-352299r2015-10-03 00:00:00t1v0.00w2015-10-03yEN